An estimate and valuation of His Majesty's State Coach made in obediance to an order of his Grace the Duke of Rutland (Record no. 116580)

MARC details
000 -LEADER
fixed length control field 00723ctm a22002055a 4500
001 - CONTROL NUMBER
control field L141087
008 - FIXED-LENGTH DATA ELEMENTS--GENERAL INFORMATION
fixed length control field 071026s1763 xxk eng u
035 ## - SYSTEM CONTROL NUMBER
System control number (Sirsi) u141087
041 0# - LANGUAGE CODE
Language code of text/sound track or separate title eng
100 1# - MAIN ENTRY--PERSONAL NAME
Personal name Norman, Samuel
245 03 - TITLE STATEMENT
Title An estimate and valuation of His Majesty's State Coach made in obediance to an order of his Grace the Duke of Rutland
Remainder of title 7th of April 1763
Medium [manuscript]
260 ## - PUBLICATION, DISTRIBUTION, ETC.
Date of publication, distribution, etc. 1763
300 ## - PHYSICAL DESCRIPTION
Extent 2 leaves
Dimensions 36 x 23 cm. +
Accompanying material 1 sheet (25 x 20 cm.)
340 ## - PHYSICAL MEDIUM
Material base and configuration Ink on paper
351 ## - ORGANIZATION AND ARRANGEMENT OF MATERIALS
Hierarchical level Single item
500 ## - GENERAL NOTE
General note Item is accompanied by a typewritten letter from the donor dated 8 May 1908.
651 4# - SUBJECT ADDED ENTRY--GEOGRAPHIC NAME
Geographic name United Kingdom
Chronological subdivision
690 ## - LOCAL SUBJECT ADDED ENTRY--TOPICAL TERM (OCLC, RLIN)
Topical term or geographic name as entry element PROPERTY-PROPERTY APPRAISAL AND VALUATION
942 ## - ADDED ENTRY ELEMENTS (KOHA)
Suppress in OPAC 0
Holdings
Withdrawn status Lost status Source of classification or shelving scheme Damaged status Not for loan Home library Current library Shelving location Date acquired Total Checkouts Full call number Barcode Date last seen Copy number Price effective from Koha item type
    Dewey Decimal Classification     London London Basement 26/10/2007   BASEMENT BOX 4 141087-1001 06/08/2019 1 06/08/2019 Archive